College Physics: reasoning and relationships (Record no. 79461)
[ view plain ]
| 000 -LEADER | |
|---|---|
| fixed length control field | 00881nam a2200193 a 4500 |
| 008 - FIXED-LENGTH DATA ELEMENTS--GENERAL INFORMATION | |
| fixed length control field | 130321s2010 ||||||||||||||||| || u |
| 020 ## - INTERNATIONAL STANDARD BOOK NUMBER | |
| International Standard Book Number | 9780495114420 |
| 050 ## - LIBRARY OF CONGRESS CALL NUMBER | |
| Classification number | QC 21.3 Gio |
| 100 ## - MAIN ENTRY--PERSONAL NAME | |
| Personal name | Giordano, Nicholas J |
| 245 10 - TITLE STATEMENT | |
| Title | College Physics: reasoning and relationships |
| Statement of responsibility, etc. | by Nicholas J. Giordano |
| 260 ## - PUBLICATION, DISTRIBUTION, ETC. | |
| Place of publication, distribution, etc. | Belmont: |
| Name of publisher, distributor, etc. | Brooks/Cole |
| Date of publication, distribution, etc. | 2010 |
| 300 ## - PHYSICAL DESCRIPTION | |
| Extent | xxix, 1082p.: ill. |
| 350 ## - | |
| -- | 0.00 |
| 650 #0 - SUBJECT ADDED ENTRY--TOPICAL TERM | |
| Topical term or geographic name entry element | PHYSICS |
| 650 ## - SUBJECT ADDED ENTRY--TOPICAL TERM | |
| Topical term or geographic name entry element | PHYSICS--TEXTBOOKS |
| 995 ## - | |
| -- | SHORT LOAN BOOKS |
| -- | 743420 |
| -- | CBU-MAIN LIBRARY (Kitwe) |
| -- | QC 21.3 Gio |
| -- | 2 |
| -- | AVAILABLE |
| -- | Apr 12, 2013 |
| -- | 743420 |
| -- | Short Loan Collection |
| 995 ## - | |
| -- | SHORT LOAN BOOKS |
| -- | 0.00 |
| -- | 741576 |
| -- | CBU-MAIN LIBRARY (Kitwe) |
| -- | 1 |
| -- | 0.00 |
| -- | QC 21.3 Gio |
| -- | 1 |
| -- | AVAILABLE |
| -- | Aug 20, 2010 |
| -- | 741576 |
| -- | Short Loan Collection |
| 995 ## - | |
| -- | SHORT LOAN BOOKS |
| -- | 743421 |
| -- | CBU-MAIN LIBRARY (Kitwe) |
| -- | QC 21.3 Gio |
| -- | 3 |
| -- | AVAILABLE |
| -- | Apr 12, 2013 |
| -- | 743421 |
| -- | Short Loan Collection |
| 999 ## - | |
| -- | 79461 |
| -- | 79461 |
| Withdrawn status | Lost status | Source of classification or shelving scheme | Damaged status | Not for loan | Permanent Location | Current Location | Shelving location | Date acquired | Total Checkouts | Full call number | Barcode | Date last seen | Copy number | Price effective from | Koha item type |
|---|---|---|---|---|---|---|---|---|---|---|---|---|---|---|---|
| CBU-MAIN LIBRARY, KITWE. | CBU-MAIN LIBRARY, KITWE. | 06/29/2023 | QC 21.3 Gio | 743420 | 06/29/2023 | 1 | 06/29/2023 | SHORT LOAN COLLECTION | |||||||
| CBU-MAIN LIBRARY, KITWE. | CBU-MAIN LIBRARY, KITWE. | 06/29/2023 | QC 21.3 Gio | 741576 | 06/29/2023 | 2 | 06/29/2023 | SHORT LOAN COLLECTION | |||||||
| CBU-MAIN LIBRARY, KITWE. | CBU-MAIN LIBRARY, KITWE. | 06/29/2023 | QC 21.3 Gio | 743421 | 06/29/2023 | 3 | 06/29/2023 | SHORT LOAN COLLECTION |